000 00483nam a22001817a 4500
999 _c186199
_d186199
005 20220216143819.0
010 _aENG-131630
020 _c320.00
035 _aEN-115162
037 _bDBAD
082 _a240
100 _aSagar, Muni Pranam
245 _aThere is Something/
_cMuni Pranam Sagar
260 _aMadhya Pradesh
_bRang Publication
_c2018
270 _a33, Basi Gali, Rajbada
_bIndore
300 _a414p.
_c21cm(pbk)
942 _2ddc
_cEN
_h240
_mSAG